Ligne de bus RATP de 400 à 499 - Statistiques

Statistiques générales
  • Ce quiz a été pris 35 fois
  • Le résultat moyen est 10 sur 20
Statistiques - réponses
Lignes RATP Réponses % Correct
467 Rueil-Malmaison RER
87%
426 Pont de Sèvres
80%
467 Pont de Sèvres
80%
486 Athis-Mons - Porte de l'Essonne
67%
487 Athis-Mons - Porte de l'Essonne
67%
421 Emerainville - Pontault-Combault RER
67%
421 Gare de Vaires-Torcy
67%
486 Juvisy RER
67%
471 Gare de Versailles Rive Droite
53%
487 Juvisy-sur-Orge RER
47%
488 Juvisy-sur-Orge RER
47%
485 Athis-Mons Noyer-Renard
40%
492 Chilly-Mazarin - Place de la Libération
40%
426 La Celle Saint-Cloud - Gare SNCF
40%
485 Athis-Mons - Delalande-Pasteur
33%
488 Athis-Mons - Place Henri Deudon
33%
459 Saint-Cloud - Gare SNCF
33%
492 Savigny-sur-Orge - Prés Saint-Martin
27%
459 Rueil-Malmaison - Henri Regnault
20%
471 Saint-Cloud - Les Coteaux T2
13%
Aucun quiz correspondant
Distribution des résultats
% des personnes avec chaque résultat
Percentile par nombre de réponses
Votre historique - résultats
Vous n’avez pas pris ce quiz